000 00439nam a22001457a 4500
005 20180821132757.0
020 _a8172731515
_c525.00
035 _aB-120785, B-120782, B-120788
037 _aDPL
_bENG
100 _aKrishan Gopal
245 _aImpact of information technology services in libraries /
_cby Krishan Gopal
260 _aDelhi
_bAuthorpress
_c2003
300 _a250p.
_c20 cms.
942 _2ddc
_cEN
_h025.4
_mKRI
999 _c63577
_d63577